| 000 | 00809nam a2200229Ia 4500 | ||
|---|---|---|---|
| 003 | GCL | ||
| 008 | 140319s9999 xx 000 0 ara d | ||
| 040 |
_aGCL / _cGCL |
||
| 082 | 0 | 4 |
_a301.428 _bع ق |
| 100 | 1 | _aعبدالمنعم الجداوى | |
| 245 | 1 | 0 |
_aقلوب فى المحكمه: مشاكل الاسره فى ساحة القضاء باحثه عن العدل بعد ان افتقدته فى البيوت / _cعبدالمنعم الجداوى |
| 260 |
_a[S.N] : _bمكتبة التراث الاسلامى ، _c1991 |
||
| 300 | _a158 ص | ||
| 490 | _a | ||
| 650 | 0 | 4 | _aالاسرة |
| 650 | 0 | 4 | _aالطلاق |
| 650 | 0 | 4 | _aالزواج |
| 650 | 0 | 4 | _aالعلاقات الاسرية |
| 650 | 0 | 4 | _aعلم الاجتماع العائلى |
| 650 | 0 | 4 | _aتفكك الاسرة |
| 942 |
_2ddc _cBK |
||
| 999 |
_c52756 _d52756 |
||